| 000 | 00698cam a2200217 a 4500 | ||
|---|---|---|---|
| 020 | _a0821353764 (pbk.) | ||
| 020 | _a9780821353769 (pbk.) | ||
| 020 | _a0821369083 (electronic) | ||
| 020 | _a9780821369081 (electronic) | ||
| 040 | _cDLC | ||
| 082 | 0 | 0 | _a340 WOR 2007 A016 Or. |
| 100 | 1 | _aMalik, Waleed Haider, | |
| 245 | 1 | 0 |
_aJudiciary-led reforms in Singapore : _bframework, strategies, and lessons / |
| 260 |
_aWashington, DC : _bWorld Bank, _cc2007. |
||
| 300 |
_axxiv, 115 p. : _bill. ; _c23 cm. |
||
| 490 | 0 | _aDirections in development | |
| 650 | 0 | _aLaw reform | |
| 650 | 0 | _aJustice, Administration of | |
| 856 | 4 | 1 | _uhttp://www.loc.gov/catdir/toc/ecip075/2006038989.html |
| 942 | _cEK | ||
| 999 |
_c11626 _d11626 |
||